000 00270nam a22001217a 4500
082 _a823
_bBLY/C
100 _aBLYTON, ENID
245 _aCLAUDINE AT ST.CLAIRE'S
260 _aCANADA
_bDRAGON
_c1975
300 _a156
650 _aENGLISH STORY
_zUNITED STATES
942 _cBK
999 _c7250
_d7250